LEADER 01517nam 2200481 450 001 9910555269603321 005 20210310214938.0 010 $a1-119-75672-3 010 $a1-119-75674-X 010 $a1-119-75673-1 035 $a(CKB)4100000011744735 035 $a(MiAaPQ)EBC6466102 035 $a(EXLCZ)994100000011744735 100 $a20210310d2021 uy 0 101 0 $aeng 135 $aurcnu|||||||| 181 $ctxt$2rdacontent 182 $cc$2rdamedia 183 $acr$2rdacarrier 200 10$aAdvanced multifunctional lightweight aerostructures $edesign, development, and implementation /$fKamran Behdinan and Rasool Moradi-Dastjerdi 210 1$aHoboken, New Jersey :$cWiley,$d[2021] 210 4$d©2021 215 $a1 online resource (259 pages) 225 1 $aWiley-ASME Press Series 311 $a1-119-75671-5 410 0$aWiley-ASME Press series. 606 $aAirplanes$xDesign and construction 606 $aLightweight construction 606 $aAerospace engineering 608 $aElectronic books. 615 0$aAirplanes$xDesign and construction. 615 0$aLightweight construction. 615 0$aAerospace engineering. 676 $a629.1341 700 $aBehdinan$b Kamran$f1961-$01218588 702 $aMoradi-Dastjerdi$b Rasool$f1984- 801 0$bMiAaPQ 801 1$bMiAaPQ 801 2$bMiAaPQ 906 $aBOOK 912 $a9910555269603321 996 $aAdvanced multifunctional lightweight aerostructures$92818062 997 $aUNINA LEADER 01586nam a2200361 i 4500 001 991002507349707536 005 20250224123632.0 008 010514s1967 it er ||1 | ita d 020 $a8806003399 035 $ab11019876-39ule_inst 035 $aPARLA163940$9ExL 040 $aBibl. Dip.le Aggr. Studi Umanistici - Sez. Filosofia$bita$dSocioculturale Scs 041 1 $aita$hfre 082 04$a601$223 100 1 $aKoyré, Alexandre$0439954 240 14$aLes philosophes et la machine ; Du monde de l'a-peu-pres a l'univers de la precision 245 10$aDal mondo del pressappoco all'universo della precisione :$b[tecniche, strumenti e filosofia dal mondo classico alla rivoluzione scientifica] /$cAlexandre Koyré ; introduzione e traduzione di Paola Zambelli 260 $aTorino :$bEinaudi,$c1967 300 $a134 p. ;$c18 cm. 490 1 $aNuovo politecnico ;$v12 500 $aComplemento del titolo in copertina 500 $aIn appendice: Perchè l'antichità classica non ha conosciuto il macchinismo? / di Pierre-Maxime Schuhl 650 4$aMacchinismo 650 4$aEpistemologia 650 4$aTecnologie$xFilosofia 700 1 $aZambelli, Paola 830 0$aNuovo politecnico ;$v12 907 $a.b11019876$b23-02-17$c28-06-02 912 $a991002507349707536 945 $aLE005IF XXXII A 10$g1$i2005000223860$lle005$o-$pE0.00$q-$rl$s-$t0$u4$v0$w4$x0$y.i11139018$z28-06-02 996 $aPhilosophes et la machine ; Du monde de l'a-peu-pres a l'univers de la precision$94315208 997 $aUNISALENTO 998 $ale005$b01-01-01$cm$da$e-$fita$git$h0$i1